000 00838nam a22002297a 4500
999 _c7728
_d7728
003 AR-CdUCM
008 190321b ||||| |||| 00| 0 spa d
040 _aMUNICIPALIDAD PROVINCIAL DEL CUSCO
_cBIBLIOTECA MUNICIPAL DEL CUSCO
041 _heng
082 _a599.32 /
_bT36
100 _aTempleton, George S.
_921825
245 _aCría del conejo doméstico /
260 _aMéxico, D.F :
_bContinental,
_c1965.
300 _a255 páginas ;
_bfiguras, tablas,
_c23 cm.
505 _aContenido: Elección de una raza y compra de animales -- El conejar y su equipo -- Alimentos y alimentación -- Reproducción -- Cuidado de los conejos ...
650 _aConejos
_920198
650 _aCrías
_921826
650 _aManuales, etc.
_921827
700 _aDe la Loma, Jose Luis (traducción)
_921828
942 _2ddc
_cLIBROS
945 _aachl